Normal view
MARC view
Entry Topical Term
001 - CONTROL NUMBER
- control field: 9791
003 - CONTROL NUMBER IDENTIFIER
- control field: OSt
005 - DATE AND TIME OF LATEST TRANSACTION
- control field: 20160630143018.0
008 - FIXED-LENGTH DATA ELEMENTS
- fixed length control field: 160630|| aca||aabn | a|a d
040 ## - CATALOGING SOURCE
- Original cataloging agency: OSt
- Transcribing agency: OSt
150 ## - HEADING--TOPICAL TERM
- Topical term or geographic name entry element: Digital Circuits
670 ## - SOURCE DATA FOUND
- Source citation: Work cat.: (OSt): Kang, Sung-Mo; Leblebici, Yusuf; Kim, Chulwoo 9790, CMOS Digital Integrated Circuits: analsis & design
